Представление документа в формате RUSMARC

ПолеНазваниеЗначение
  Тип записи a
  Библиографический уровень a
001 Контрольный номер UONB/MAIN/55676fea9ff34b82af5831c5d4238800
005 Дата корректировки 20260423152305.4
100 Данные общей обработки __
a Данные общей обработки 20260423 ||| 0rusy0189 ca
101 Язык документа 0_
a Язык текста rus
102 Страна публикации __
a Страна публикации RU
200 Заглавие и сведения об ответственности 1_
a Заглавие Соревновались лучшие из лучших
f Первые сведения об ответственности С. Амосова
203 Вид содержания и тип средства __
a Вид содержания Текст
b Характеристика содержания визуальный
c Тип средства непосредственный
215 Физическое описание __
c Иллюстрации/тип воспроизводства ил., портр.
330 Аннотация __
a Аннотация На базе Сурской средней школы прошел муниципальный этап конкурса "Ученик года".
461 Уровень набора _0
1 2000
a Сурская правда
463 Уровень физической единицы _0
1 2000
a № 16 (105219) (17 апреля)
v С. 3
1 2101
d 2026
1 001UONB/MAIN/35eaa7eb391c4b528c6396c39750cbe0
607 Географические рубрики __
a Географическое наименование Сурское, рабочий поселок (Сурский район ; Ульяновская область)
610 Ключевые слова 0_
a Ключевые слова школьники; конкурсы
686 Индексы других классификаций __
a Классификационный индекс 74.202
2 Код системы rubbk
700 Автор _1
a Фамилия Амосова
b Имя (инициалы) С.
801 Источник записи _0
a Страна RU
b Организация Ульяновская ОНБ
c Дата составления 20260423
g Правила каталогизации RCR
801 Источник записи _1
a Страна RU
b Организация Ульяновская ОНБ
c Дата составления 20260423
g Правила каталогизации RCR
901 Тип документа __
t Тип документа f
w Контрольный № источника UONB/MAIN/35eaa7eb391c4b528c6396c39750cbe0
909 Создатель записи __
a Создатель записи Логинова
b Дата создания записи 20260423